{"text_format":"3","workbook":"xlsx","n_sheets":1,"sheets":["st2_protocoldata_subj"],"read":"whole","date_system":"1900"}

{"sheet":"st2_protocoldata_subj","index":0,"n_rows":41,"n_cols":17,"rows_kept":41}
["№","СНИЛС","Фамлия","Имя","Отчество","Пол","Дата рождения","Участник с ОВЗ","Класс","Класс участия","Балл","Макс. Балл","Статус","Призер МЭ прошлого года","Учитель","Место работы учителя","Направление, вид практики  по технологии"]
[1,2,3,4,5,6,7,8,9,10,11,12,13,14,15,16,17]
[1,null,"Х","Р","Р","Ж","2006-09-05","нет",11,11,"79.3",100,"Призёр","нет","Семёнова Арина Владимировна","Муниципальное бюджетное общеобразовательное учреждение \"Школа №70\" г.Казани Республики Татарстан"]
[2,null,"К","В","В","Ж","2007-03-29","нет",10,10,"89.1",100,"Победитель","нет","Семёнова Арина Владимировна","Муниципальное бюджетное общеобразовательное учреждение \"Школа №70\" г.Казани Республики Татарстан"]
[3,null,"М","А","И","Ж","2007-06-14","нет",10,10,"80.1",100,"Призёр","да","Семёнова Арина Владимировна","Муниципальное бюджетное общеобразовательное учреждение \"Школа №70\" г.Казани Республики Татарстан"]
[4,null,"Я","А","А","Ж","2007-01-08","нет",10,10,"71.4",100,"Участник","нет","Семёнова Арина Владимировна","Муниципальное бюджетное общеобразовательное учреждение \"Школа №70\" г.Казани Республики Татарстан"]
[5,null,"Т","Д","А","Ж","2008-07-24","нет",9,9,"74.7",100,"Участник","нет","Власова Алла Владимировна ","Муниципальное бюджетное общеобразовательное учреждение \"Школа №70\" г.Казани Республики Татарстан"]
[6,null,"А","С","А","Ж","2009-12-12","нет",8,8,"88.2",100,"Победитель","нет","Власова Алла Владимировна ","Муниципальное бюджетное общеобразовательное учреждение \"Школа №70\" г.Казани Республики Татарстан"]
[7,null,"Д","М","В","Ж","2009-06-15","нет",8,8,"77.8",100,"Участник","нет","Власова Алла Владимировна ","Муниципальное бюджетное общеобразовательное учреждение \"Школа №70\" г.Казани Республики Татарстан"]
[8,null,"З","А","И","Ж","2009-03-21","нет",8,8,"52.2",100,"Участник","нет","Власова Алла Владимировна ","Муниципальное бюджетное общеобразовательное учреждение \"Школа №70\" г.Казани Республики Татарстан"]
[9,null,"П","П","С","Ж","19.032009","нет",8,8,"86.9",100,"Призёр","нет","Власова Алла Владимировна ","Муниципальное бюджетное общеобразовательное учреждение \"Школа №70\" г.Казани Республики Татарстан"]
[10,null,"Р","В","Г","Ж","2009-04-23","нет",8,8,"77.4",100,"Участник","нет","Власова Алла Владимировна ","Муниципальное бюджетное общеобразовательное учреждение \"Школа №70\" г.Казани Республики Татарстан"]
[11,null,"Т","К","М","Ж","2009-03-10","нет",8,8,"55.4",100,"Участник","нет","Власова Алла Владимировна ","Муниципальное бюджетное общеобразовательное учреждение \"Школа №70\" г.Казани Республики Татарстан"]
[12,null,"У","Э","А","Ж","2009-12-02","нет",8,8,"53.4",100,"Участник","нет","Власова Алла Владимировна ","Муниципальное бюджетное общеобразовательное учреждение \"Школа №70\" г.Казани Республики Татарстан"]
[13,null,"Я","В","С","Ж","2009-12-08","нет",8,8,"70.3",100,"Участник","нет","Власова Алла Владимировна ","Муниципальное бюджетное общеобразовательное учреждение \"Школа №70\" г.Казани Республики Татарстан"]
[14,null,"Г","Е","Д","Ж","2010-07-23","нет",7,7,"84.1",100,"Призёр","нет","Семёнова Арина Владимировна","Муниципальное бюджетное общеобразовательное учреждение \"Школа №70\" г.Казани Республики Татарстан"]
[15,null,"З","А","А","Ж","2010-10-25","нет",7,7,"60.4",100,"Участник","нет","Семёнова Арина Владимировна","Муниципальное бюджетное общеобразовательное учреждение \"Школа №70\" г.Казани Республики Татарстан"]
[16,null,"И","К","Т","Ж","2010-07-22","нет",7,7,"80.9",100,"Участник","нет","Власова Алла Владимировна ","Муниципальное бюджетное общеобразовательное учреждение \"Школа №70\" г.Казани Республики Татарстан"]
[17,null,"Х","Д","Е","Ж","2010-11-26","нет",7,7,"59.9",100,"Участник","нет","Семёнова Арина Владимировна","Муниципальное бюджетное общеобразовательное учреждение \"Школа №70\" г.Казани Республики Татарстан"]
[18,null,"Б","С","И","Ж","2011-09-04","нет",6,6,"77.0",100,"Призёр","нет","Семёнова Арина Владимировна","Муниципальное бюджетное общеобразовательное учреждение \"Школа №70\" г.Казани Республики Татарстан"]
[19,null,"Г","А","Р","Ж","2010-10-17","нет",6,6,"61.1",100,"Участник","нет","Семёнова Арина Владимировна","Муниципальное бюджетное общеобразовательное учреждение \"Школа №70\" г.Казани Республики Татарстан"]
[20,null,"Л","С","Д","Ж","2011-01-25","нет",6,6,"83.4",100,"Победитель","нет","Семёнова Арина Владимировна","Муниципальное бюджетное общеобразовательное учреждение \"Школа №70\" г.Казани Республики Татарстан"]
[21,null,"П","П","Н","Ж","2011-01-10","нет",6,6,"79.9",100,"Призёр","нет","Семёнова Арина Владимировна","Муниципальное бюджетное общеобразовательное учреждение \"Школа №70\" г.Казани Республики Татарстан"]
[22,null,"Б","Т","Р","М","2007-08-29","нет",10,10,"73.3",100,"Участник","нет","Семёнова Арина Владимировна","Муниципальное бюджетное общеобразовательное учреждение \"Школа №70\" г.Казани Республики Татарстан"]
[23,null,"В","Е","Д","М","2008-01-21","нет",10,10,"87.7",100,"Победитель","нет","Семёнова Арина Владимировна","Муниципальное бюджетное общеобразовательное учреждение \"Школа №70\" г.Казани Республики Татарстан"]
[24,null,"М","Э","Р","М","2007-04-12","нет",10,10,"74.3",100,"Участник","нет","Семёнова Арина Владимировна","Муниципальное бюджетное общеобразовательное учреждение \"Школа №70\" г.Казани Республики Татарстан"]
[25,null,"С","Ф","Ф","М","2007-08-15","нет",10,10,"87.1",100,"Призёр","нет","Семёнова Арина Владимировна","Муниципальное бюджетное общеобразовательное учреждение \"Школа №70\" г.Казани Республики Татарстан"]
[26,null,"В","К","Ю","М","2008-10-12","нет",9,9,"86.3",100,"Призёр","нет","Власова Алла Владимировна ","Муниципальное бюджетное общеобразовательное учреждение \"Школа №70\" г.Казани Республики Татарстан"]
[27,null,"М","Р","Д","М","2009-10-06","нет",8,8,"79.9",100,"Призёр","нет","Власова Алла Владимировна ","Муниципальное бюджетное общеобразовательное учреждение \"Школа №70\" г.Казани Республики Татарстан"]
[28,null,"Н","К","М","М","2009-09-29","нет",8,8,"85.5",100,"Победитель","нет","Власова Алла Владимировна ","Муниципальное бюджетное общеобразовательное учреждение \"Школа №70\" г.Казани Республики Татарстан"]
[29,null,"С","Ж","Ж","М","2009-11-16","нет",8,8,"77.8",100,"Призёр","нет","Власова Алла Владимировна ","Муниципальное бюджетное общеобразовательное учреждение \"Школа №70\" г.Казани Республики Татарстан"]
[30,null,"Г","Р","Р","М","2010-06-14","нет",7,7,"63.0",100,"Участник","нет","Семёнова Арина Владимировна","Муниципальное бюджетное общеобразовательное учреждение \"Школа №70\" г.Казани Республики Татарстан"]
[31,null,"П","С","М","М","2010-06-02","нет",7,7,"67.4",100,"Участник","нет","Семёнова Арина Владимировна","Муниципальное бюджетное общеобразовательное учреждение \"Школа №70\" г.Казани Республики Татарстан"]
[32,null,"Ф","Н","В","М","2010-11-13","нет",7,7,"67.8",100,"Участник","нет","Семёнова Арина Владимировна","Муниципальное бюджетное общеобразовательное учреждение \"Школа №70\" г.Казани Республики Татарстан"]
[33,null,"А","А","Р","М","2011-05-12","нет",6,6,"59.2",100,"Участник","нет","Семёнова Арина Владимировна","Муниципальное бюджетное общеобразовательное учреждение \"Школа №70\" г.Казани Республики Татарстан"]
[34,null,"Б","М","С","М","2011-01-24","нет",6,6,"82.1",100,"Призёр","нет","Семёнова Арина Владимировна","Муниципальное бюджетное общеобразовательное учреждение \"Школа №70\" г.Казани Республики Татарстан"]
[35,null,"Г","П","Д","М","2010-12-20","нет",6,6,"86.3",100,"Победитель","нет","Семёнова Арина Владимировна","Муниципальное бюджетное общеобразовательное учреждение \"Школа №70\" г.Казани Республики Татарстан"]
[36,null,"Н","Т","Р","М","2010-12-24","нет",6,6,"77.7",100,"Участник","нет","Семёнова Арина Владимировна","Муниципальное бюджетное общеобразовательное учреждение \"Школа №70\" г.Казани Республики Татарстан"]
[37,null,"Р","А","И","М","2011-05-05","нет",6,6,"70.2",100,"Участник","нет","Семёнова Арина Владимировна","Муниципальное бюджетное общеобразовательное учреждение \"Школа №70\" г.Казани Республики Татарстан"]
[38,null,"С","А","А","М","2011-10-27","нет",5,5,"78.1",100,"Призёр","нет","Семёнова Арина Владимировна","Муниципальное бюджетное общеобразовательное учреждение \"Школа №70\" г.Казани Республики Татарстан"]
[39,null,"Щ","М","С","М","2012-08-14","нет",5,5,"55.8",100,"Участник","нет","Семёнова Арина Владимировна","Муниципальное бюджетное общеобразовательное учреждение \"Школа №70\" г.Казани Республики Татарстан"]